[Event "FRA-ch U14 Girls"]
[White "Lux, Oceane"]
[Black "Tymchenko, Maria"]
[Site "Agen"]
[Round "1"]
[Result "0-1"]
[Date "2024.04.14"]
[WhiteElo "1503"]
[BlackElo "1767"]
[PlyCount "86"]
[EventDate "2024.04.14"]
[EventType "swiss"]
[EventRounds "9"]
[EventCountry "FRA"]
[SourceTitle "EXT 2025"]
[Source "ChessBase"]
[SourceDate "2024.10.14"]
[SourceVersion "1"]
[SourceVersionDate "2024.10.14"]
[SourceQuality "1"]

1. c4 Nf6 2. g3 d6 3. Bg2 Nbd7 4. Nc3 e5 5. d3 Be7 6. e4 0-0 7. Nge2 c6 8. 0-0 a6 9. h3 b5 10. b3 Nb6 11. Be3 Be6 12. f4 b4 13. f5 Bc8 14. Nb1 d5 15. Kh2 Bb7 16. g4 dxe4 17. dxe4 c5 18. Ng3 Qxd1 19. Rxd1 Rad8 20. Nd2 Rd3 21. Bf2 Rfd8 22. Be1 Ne8 23. Bf1 R3d4 24. Be2 Nf6 25. Bf3 Nc8 26. g5 Ne8 27. h4 h6 28. g6 fxg6 29. fxg6 Bxh4 30. Nf5 Bxe1 31. Nxd4 Rxd4 32. Rxe1 Rxd2+ 33. Re2 Rxe2+ 34. Bxe2 Bxe4 35. Bh5 Kf8 36. a3 Bc2 37. axb4 Bxb3 38. bxc5 Bxc4 39. Re1 Nf6 40. Bd1 e4 41. Kg3 Ke7 42. Ba4 Ke6 43. Bc2 Kd5 0-1

[Event "FRA-ch U12/16 Girls"]
[White "Tymchenko, Maria"]
[Black "Bat, Anu"]
[Site "Agen"]
[Round "5"]
[Result "0-1"]
[Date "2023.04.26"]
[WhiteElo "1390"]
[BlackElo "1807"]
[PlyCount "204"]
[EventDate "2023.04.23"]
[EventType "swiss"]
[EventRounds "9"]
[EventCountry "FRA"]
[SourceTitle "CBM 214 Extra"]
[Source "ChessBase"]
[SourceDate "2023.07.31"]
[SourceVersion "1"]
[SourceVersionDate "2023.07.31"]
[SourceQuality "1"]

1. d4 Nf6 2. c4 Nc6 3. Nc3 e5 4. d5 Ne7 5. e4 Ng6 6. f3 Bb4 7. Nge2 a5 8. Be3 d6 9. Qd2 Nd7 10. 0-0-0 b6 11. Qc2 Ba6 12. Ng3 Bc5 13. Bd2 0-0 14. Nf5 Nh4 15. Nxh4 Qxh4 16. g3 Qf6 17. f4 Bb4 18. f5 Bxc3 19. Bxc3 g6 20. h4 gxf5 21. exf5 Qg7 22. Rg1 h5 23. Be2 Nf6 24. g4 hxg4 25. Bd2 Rfb8 26. Bg5 Kf8 27. Bxf6 Qxf6 28. Rxg4 Ke7 29. Kb1 Rh8 30. Qe4 Rh7 31. Rh1 Rah8 32. b3 Bc8 33. Bd3 Rh5 34. Rg5 Rxg5 35. hxg5 Rxh1+ 36. Qxh1 Qxg5 37. Qh3 Bd7 38. Kc2 Qf4 39. Qg2 Bxf5 40. Bxf5 Qxf5+ 41. Kc3 Qf4 42. Kd3 Qd4+ 43. Kc2 e4 44. Qg5+ Qf6 45. Qe3 Qe5 46. Kb1 Qf5 47. Kc2 Qf3 48. Qg5+ Kd7 49. Kd2 Qf2+ 50. Kc3 Qf3+ 51. Kd2 Qd3+ 52. Ke1 Qb1+ 53. Ke2 Qxa2+ 54. Ke1 Qa1+ 55. Ke2 Qe5 56. Qg4+ f5 57. Qg6 f4 58. Qg4+ Ke7 59. Qh4+ Ke8 60. Qh7 Qb2+ 61. Ke1 Qb1+ 62. Ke2 f3+ 63. Ke3 Qc1+ 64. Kf2 Qd2+ 65. Kg3 Qg5+ 66. Kf2 Qg2+ 67. Ke3 Qg1+ 68. Kf4 Qc1+ 69. Kg3 Qg5+ 70. Kf2 Qe5 71. Qg8+ Ke7 72. Qh7+ Kd8 73. Qg8+ Qe8 74. Qg5+ Kc8 75. Qf5+ Kb7 76. Ke3 Qe5 77. Qd7 f2 78. Kxf2 Qf4+ 79. Ke1 Qe3+ 80. Kf1 Qf3+ 81. Ke1 Qh5 82. Kd2 Qg5+ 83. Ke2 Qe5 84. Kd2 e3+ 85. Ke2 Qb2+ 86. Kxe3 Qxb3+ 87. Kd4 Qb2+ 88. Kd3 Qa3+ 89. Kd2 Qc5 90. Kd3 b5 91. cxb5 Qxd5+ 92. Kc3 Kb6 93. Qc8 Qc5+ 94. Kd2 Kxb5 95. Qb8+ Ka4 96. Qe8+ Qb5 97. Qe3 c6 98. Qe1 Qb4+ 99. Kc2 Qxe1 100. Kb2 Qe3 101. Ka1 Kb3 102. Kb1 Qe1# 0-1